000 00631nam a2200241Ia 4500
003 OSt
005 20220918174856.0
006 a|||||r|||| 00| 0
007 ta
008 220917b |||||||| |||| 00| 0 eng d
024 _a14,501
037 _cTextual
040 _aARTS
_cARTS
_beng
041 _2eng
_aeng
082 _aNQ, L0
100 _aDolce Lodovico
_952075
245 0 _aAretin
_b A dialogue on painting 1770 tr by W Brown
260 _aYorkshire
_bScolar press
_c1970
300 _axviii, 262p.
_ccm.
650 _aARTS
942 _hNQ, L0
_cTEXL
_2CC
999 _c155049
_d155049